Normal view
MARC view
Entry Geographic Name
001 - CONTROL NUMBER
- control field: 13568
003 - CONTROL NUMBER IDENTIFIER
- control field: ARRUPE
005 - DATE AND TIME OF LATEST TRANSACTION
- control field: 20150108111124.0
008 - FIXED-LENGTH DATA ELEMENTS
- fixed length control field: 150108|| aca||aabn | a|a d
040 ## - CATALOGING SOURCE
- Original cataloging agency: ARRUPE
- Transcribing agency: ARRUPE
151 ## - HEADING--GEOGRAPHIC NAME
- Geographic name: Africa
- General subdivision: Religion.
670 ## - SOURCE DATA FOUND
- Source citation: Work cat.: (ARRUPE)0: African theology comes of age :, c2010.